Catálogo

MEMORIA SIMPOSIO INTERNACIONAL LAS NUEVAS TECNOLOGIASY SUS REPERCUSIONES EN LOS PAISES EN DESARROLLO : (Registro nro. 18175)

Detalles MARC
000 -LEADER
fixed length control field 00598nam a2200169 a 4500
001 - CONTROL NUMBER
control field 18175
005 - DATE AND TIME OF LATEST TRANSACTION
control field 20180713211423.0
008 - FIXED-LENGTH DATA ELEMENTS--GENERAL INFORMATION
fixed length control field 140415s1986 mx 000 0 spa d
041 ## - LANGUAGE CODE
Language code of text/sound track or separate title spa
082 ## - DEWEY DECIMAL CLASSIFICATION NUMBER
Classification number 600
Item number ACA
100 1# - MAIN ENTRY--PERSONAL NAME
Personal name ACADEMIA MEXICANA DE INGENIERIA
245 10 - TITLE STATEMENT
Title MEMORIA SIMPOSIO INTERNACIONAL LAS NUEVAS TECNOLOGIASY SUS REPERCUSIONES EN LOS PAISES EN DESARROLLO :
Remainder of title Y SUS REPERCUSIONES EN LOS PAISES EN DESARROLLO
250 ## - EDITION STATEMENT
Edition statement 1a ed.
260 ## - PUBLICATION, DISTRIBUTION, ETC.
Place of publication, distribution, etc. MEXICO :
Name of publisher, distributor, etc. CONSEJO NACIONAL DE CIENCIA Y TECNOLOGIA,
Date of publication, distribution, etc. 1986
300 ## - PHYSICAL DESCRIPTION
Extent 189
650 14 - SUBJECT ADDED ENTRY--TOPICAL TERM
Topical term or geographic name entry element TECNOLOGIA
General subdivision INVESTIGACIONES
Existencias
Withdrawn status Lost status Source of classification or shelving scheme Damaged status Not for loan Collection code Home library Current library Shelving location Date acquired Source of acquisition Inventory number Total Checkouts Full call number Barcode Date last seen Price effective from Koha item type
    Dewey Decimal Classification     General Biblioteca Karol Wojtyla Biblioteca Karol Wojtyla Sala general 03/12/2013 Compra 151000000000000000007092   600 ACA 37293 05/01/2026 03/12/2013 Libro